| 000 | 00830nam a2200229 i 4500 | ||
|---|---|---|---|
| 005 | 20090821121934.0 | ||
| 008 | 780523r1978 paua b 001 0 eng | ||
| 010 | _aENG-94782 | ||
| 020 | _c100.00 | ||
| 035 | _aEN-78315 | ||
| 037 | _bDBAD / PUB | ||
| 040 |
_adpl _bEnglish |
||
| 082 | _a632.9 | ||
| 100 | _aMalaikozhundan, B. | ||
| 245 |
_aIntegrated pest management for oil seeds / _cby B. Malaikozhundan |
||
| 260 |
_aKaraikudi _bTBS Publications _c2008 |
||
| 270 |
_a21, Subramaniapuram 9th Street, South Extn. _bKaraikudi |
||
| 300 |
_a235p. _c22cm(pbk) |
||
| 650 |
_aPests _xControl |
||
| 942 |
_2ddc _cEN _mMAL _h632.9 |
||
| 999 |
_c29375 _d29375 |
||